Criminalisation of consensual same-sex sexual acts in the world - Statistics

General Stats
  • This quiz has been taken 25 times
  • The average score is 4 of 6
Answers on the Map
Answers color-coded by a green-red scale on the quiz's map according to % correct below.
 
Answer Stats
Answer % Correct
Afghanistan | Brunei | Iran | Mauritania | Nigeria | Pakistan | Qatar | Saudi Arabia | United Arab Emirates
100%
Bangladesh | Gambia | Guyana | Sierra Leone | Sudan | Tanzania | Uganda | Zambia
73%
Iraq | Kenya | Kiribati | Malawi | Malaysia | Papua New Guinea | Solomon Islands | Tuvalu
64%
Egypt | Eritrea | Ethiopia | Kuwait | Maldives | Mali | Samoa
55%
Algeria | Burundi | Cameroon | Chad | Comoros | Eswatini | Ghana | Guinea | Indonesia | Lebanon | Liberia | Libya | Morocco | Oman | Senegal | Somalia | Syria | Togo | Trinidad and Tobago | Tunisia | Turkmenistan | Uzbekistan | Yemen | Zimbabwe
50%
Grenada | Jamaica | Myanmar | Palestine | Saint Lucia | Saint Vincent and the Grenadines | South Sudan | Sri Lanka | Tonga
50%
No matching quizzes found
Score Distribution
Percent of People with Each Score
Percentile by Number Answered
Your Score History
You have not taken this quiz